Contratación administrativa

Tallennettuna:
Bibliografiset tiedot
Päätekijä: Moraga Klenner, Claudio (autor)
Aineistotyyppi: Kirja
Kieli:espanja
Julkaistu: Santiago Jurídica de Chile 2007
Painos:1a. ed
Aiheet:
Tagit: Lisää tagi
Ei tageja, Lisää ensimmäinen tagi!

MARC

LEADER 00000nam a2200000 a 4500
001 UCI2149
003 CL-VaPUC
008 070803e20070000CL |||||||||||||||||spa|d
020 |a 9789561017863 
082 0 4 |a 342.06  |b MOR  |2 21 
100 |a Moraga Klenner, Claudio  |e autor  |9 740056 
245 1 0 |a Contratación administrativa 
250 |a 1a. ed 
300 |a 326 p 
942 |c BK 
945 |d 20070803 00:00:00  |a jtorresc 
260 |a Santiago  |b Jurídica de Chile  |c 2007 
650 0 |a Derecho administrativo  |9 254851 
650 7 |a CONTRATACION  |2 CL-VaPUC  |9 343748 
650 0 |a Fuentes del derecho   |9 255162 
650 7 |a ORGANIZACION ADMINISTRATIVA  |2 CL-VaPUC  |9 257438 
650 0 |a Administración pública   |9 255343 
650 0 |a Actos administrativos   |9 256128 
650 0 |a Servicios públicos  |9 328528 
650 0 |a Función administrativa  |9 384495 
650 0 |a Responsabilidad administrativa  |9 256129 
583 |a last modification  |c 20070803 00:00:00  |k Rodrigo Vera 
999 |c 326784  |d 326782 
952 |0 0  |1 0  |4 0  |6 342_060000000000000_MOR_2007  |7 0  |8 A  |9 408921  |a BIBDER  |b BIBDER  |d 2019-11-22  |i 4360036  |l 1  |o 342.06 MOR 2007  |p 4360036  |r 2023-10-05  |s 2023-09-28  |w 2019-11-22  |y BK  |k DER 
952 |0 0  |1 0  |4 0  |6 342_060000000000000_MOR_2007  |7 0  |8 A  |9 408922  |a BIBDER  |b BIBDER  |d 2019-11-22  |i 4367758  |l 1  |o 342.06 MOR 2007  |p 4367758  |r 2023-10-19  |s 2023-10-12  |w 2019-11-22  |y BK  |k DER